[Event "4th London Classic Open"]
[Site "London ENG"]
[Date "2012.12.06"]
[Round "6"]
[White "Siddharth,Gopakumar"]
[Black "Yeo,M"]
[Result "0-1"]
[WhiteElo "2054"]
[BlackElo "2191"]
[WhiteFideId "5053463"]
[BlackFideId "402257"]
[EventDate "2012.12.01"]

1. e4 e5 2. Nf3 Nc6 3. Bb5 a6 4. Bxc6 dxc6 5. O-O Bg4 6. h3 Bh5 7. g4 Bg6 8.
Nxe5 Qh4 9. Qf3 f6 10. Nxg6 hxg6 11. Kg2 O-O-O 12. Na3 Ne7 13. d3 g5 14. Rh1 Kb8
15. Nc4 Ng6 16. Kf1 Qh7 17. Qf5 Qh6 18. Qf3 Be7 19. Bd2 Rhf8 20. a4 Nh4 21. Qe2
Rfe8 22. b4 f5 23. gxf5 Bf6 24. Qg4 Bxa1 25. Bxg5 Qh8 26. Bxh4 Bf6 27. Bg5 Qf8
28. Bd2 Rd4 29. f3 Red8 30. Ke2 Rxc4 31. dxc4 Rxd2+ 32. Kxd2 Qxb4+ 33. Ke3 Bd4+
34. Kxd4 Qd2+ 0-1

[Event "4th London Classic Open"]
[Site "London ENG"]
[Date "2012.12.06"]
[Round "6"]
[White "Jaunooby,A"]
[Black "Guo,E"]
[Result "1-0"]
[BlackTitle "WIM"]
[WhiteElo "2178"]
[BlackElo "2000"]
[WhiteFideId "413291"]
[BlackFideId "3200795"]
[EventDate "2012.12.01"]

1. d4 Nf6 2. Nf3 g6 3. c4 Bg7 4. Nc3 d5 5. Bg5 Ne4 6. Bh4 c5 7. Nxd5 Qa5+ 8. b4
cxb4 9. Nd2 Nc3 10. Nb3 Qxd5 11. cxd5 Nxd1 12. Rxd1 Nd7 13. e4 h6 14. Rc1 g5 15.
Bg3 O-O 16. Rc7 a5 17. Bb5 a4 18. Nd2 b3 19. a3 Nb6 20. d6 exd6 21. Bxd6 Rd8 22.
Be7 Rxd4 23. Bc5 Rxe4+ 24. Nxe4 Nd5 25. Rd7 Bxd7 26. Bxd7 b6 27. Be3 Nxe3 28.
fxe3 Bb2 29. Ke2 Bxa3 30. Nc3 b2 31. Nxa4 b5 32. Nc3 Bb4 33. Nb1 Rd8 34. Bxb5
Rc8 35. Rd1 Rc2+ 36. Kf3 h5 37. h3 f5 38. g4 fxg4+ 39. hxg4 h4 40. Rd8+ Kg7 41.
Bd3 Rc1 42. Rb8 Bd6 43. Rb7+ Kf6 44. Nd2 Be5 45. Ne4+ Kg6 46. Rb6+ Kg7 47. Nxg5
Rg1 48. Rb7+ Kf8 49. Ke4 Bd6 50. Nh7+ Kg8 51. Nf6+ Kf8 52. Kd5 h3 53. Ke6 1-0

[Event "4th London Classic Open"]
[Site "London ENG"]
[Date "2012.12.06"]
[Round "6"]
[White "Tozer,Philip A A"]
[Black "Cannon,Ra"]
[Result "1-0"]
[WhiteElo "2176"]
[BlackElo "1998"]
[WhiteFideId "419982"]
[BlackFideId "408018"]
[EventDate "2012.12.01"]

1. c4 e5 2. g3 Nc6 3. Bg2 g6 4. Nc3 Bg7 5. e4 d6 6. Nge2 Nge7 7. O-O h5 8. h4
Bg4 9. f3 Be6 10. d3 Qd7 11. Nd5 O-O 12. Bg5 f6 13. Be3 Nd8 14. d4 Nxd5 15. cxd5
Bh3 16. dxe5 fxe5 17. Rc1 Bxg2 18. Kxg2 Nf7 19. Rc3 c5 20. dxc6 bxc6 21. Qa4 Qb7
22. Rb3 Qc7 23. Rc1 Nd8 24. Bb6 Qf7 25. Bxd8 Raxd8 26. Rxc6 d5 27. exd5 Rxd5 28.
Qe4 Rd2 29. Rc2 Rd7 30. Rbc3 Qxa2 31. Qxg6 e4 32. fxe4 Qb1 33. Qe6+ Kh7 34. Nf4
Rd1 35. Qg6+ Kg8 36. Qe6+ Kh7 37. Qg6+ Kg8 38. Ne2 Rdf1 39. Nc1 Qxc1 40. Rxc1 1-0

[Event "4th London Classic Open"]
[Site "London ENG"]
[Date "2012.12.06"]
[Round "6"]
[White "Moloney,N"]
[Black "Tart,P"]
[Result "1-0"]
[WhiteElo "2168"]
[BlackElo "1989"]
[WhiteFideId "405558"]
[BlackFideId "471070"]
[EventDate "2012.12.01"]

1. d4 Nf6 2. c4 c5 3. d5 e6 4. Nc3 exd5 5. cxd5 d6 6. e4 g6 7. f4 Bg7 8. Bd3 O-O
9. Nf3 Re8 10. O-O Bg4 11. Qb3 Bxf3 12. Rxf3 Nbd7 13. a4 c4 14. Qxc4 Rc8 15. Qb4
a5 16. Qb5 Rc5 17. Qb3 Rxc3 18. bxc3 Nc5 19. Qc2 Nfxe4 20. Bb5 Re7 21. Ra3 Nf6
22. Qd1 Qb6 23. Kh1 Nxd5 24. c4 Ne4 25. Qf1 Ndf6 26. Be3 Qc7 27. Rd3 Ng4 28. Bg1
Nc5 29. Rd1 Nh6 30. h3 Nf5 31. g4 Nh4 32. Re3 Rxe3 33. Bxe3 Qe7 34. Bxc5 Qe4+
35. Kh2 dxc5 36. Rd8+ Bf8 37. Re8 Qc2+ 38. Kg3 g5 39. fxg5 Ng6 40. Qe2 Qc1 41.
Qe3 Qd1 42. Kf2 Qc2+ 43. Qe2 Qc3 44. Qe3 Qc2+ 45. Kg3 Qd1 46. h4 Qd6+ 47. Kh3
Nf4+ 48. Kh2 Ng6+ 49. Qg3 Qd2+ 50. Kh1 Kg7 51. h5 Nf4 52. h6+ Kg6 53. Bd7 Qxd7
54. Qxf4 Qd1+ 55. Kg2 Qc2+ 56. Qf2 Qxf2+ 57. Kxf2 Bd6 58. Rg8# 1-0

[Event "4th London Classic Open"]
[Site "London ENG"]
[Date "2012.12.06"]
[Round "6"]
[White "Gschwendtner,S"]
[Black "Holzhauer,B"]
[Result "0-1"]
[WhiteElo "2004"]
[BlackElo "2153"]
[WhiteFideId "307297"]
[BlackFideId "20605544"]
[EventDate "2012.12.01"]

1. Nf3 c5 2. c4 Nc6 3. g3 g6 4. Bg2 Bg7 5. Nc3 d6 6. O-O Bf5 7. Nh4 Bd7 8. d3
Nf6 9. e4 O-O 10. f4 Bg4 11. Bf3 Bh3 12. Bg2 Qd7 13. f5 Bg4 14. Bf3 Bxf3 15.
Rxf3 e6 16. g4 Nxg4 17. Rg3 Nf6 18. Bg5 Nd4 19. Ne2 Nxe2+ 20. Qxe2 exf5 21. Nxf5
Ne8 22. Nxg7 Nxg7 23. Bf6 Qe6 24. Rf1 Ne8 25. Bc3 f5 26. Qh5 f4 27. Qh6 Rd8 28.
Rxf4 Rxf4 29. Qxf4 Rd7 30. Qh6 Nf6 31. h4 Ng4 32. Qg5 Ne5 33. h5 Kg7 34. hxg6
hxg6 35. Kg2 Qf6 36. Qh5 Rf7 37. Qe2 Kf8 38. b4 b6 39. d4 cxd4 40. Bxd4 Ke8 41.
c5 Rh7 42. Qb5+ Kd8 43. Qc6 Rh2+ 44. Kg1 Rh1+ 45. Kxh1 Qh4+ 46. Kg2 Nxc6 0-1

[Event "4th London Classic Open"]
[Site "London ENG"]
[Date "2012.12.06"]
[Round "6"]
[White "Wan Nawawi,W"]
[Black "Maduekwe,C"]
[Result "1/2-1/2"]
[WhiteElo "2001"]
[BlackElo "2151"]
[WhiteFideId "5704022"]
[BlackFideId "8500118"]
[EventDate "2012.12.01"]

1. e4 e6 2. d4 d5 3. Nc3 Nf6 4. e5 Nfd7 5. f4 c5 6. Nf3 Nc6 7. Be3 Be7 8. Qd2
O-O 9. dxc5 Nxc5 10. O-O-O b6 11. h4 a6 12. h5 Rb8 13. Rh3 b5 14. Qf2 b4 15.
Bxc5 bxc3 16. bxc3 Qa5 17. Bxe7 Nxe7 18. Nd4 Bd7 19. Qh4 Qa3+ 20. Kd2 Rfc8 21.
Rg3 Nc6 22. Qg5 Qf8 23. Bxa6 Nxd4 24. Bxc8 Rxc8 25. cxd4 Qb4+ 26. c3 Qb2+ 27.
Ke1 g6 28. h6 Bb5 29. Re3 Kf8 30. f5 Rxc3 31. Qd8+ Be8 32. Rxc3 Qxc3+ 33. Kf1
gxf5 34. Qd6+ Kg8 35. Qc5 Qe3 36. a4 Qxh6 37. Rd3 f4 38. a5 Qg6 39. Rf3 Ba4 40.
a6 Qb1+ 41. Kf2 Bd1 42. a7 Qa2+ 43. Kg1 Bxf3 44. gxf3 Kg7 45. Qb6 Qd2 46. a8=Q
Qe1+ 47. Kg2 Qe2+ 48. Kg1 Qe1+ 1/2-1/2

[Event "4th London Classic Open"]
[Site "London ENG"]
[Date "2012.12.06"]
[Round "6"]
[White "Calvert,D"]
[Black "Rodriguez,Vidal"]
[Result "0-1"]
[WhiteElo "1999"]
[BlackElo "2148"]
[WhiteFideId "406368"]
[BlackFideId "3901343"]
[EventDate "2012.12.01"]

1. b3 e5 2. Bb2 Nc6 3. e3 d6 4. Nf3 f5 5. d4 e4 6. d5 Nce7 7. Ng5 c6 8. Qh5+ Ng6
9. Nxh7 Ne7 10. c4 Qa5+ 11. Nc3 cxd5 12. O-O-O Be6 13. b4 Qxb4 14. Nxd5 Bxd5 15.
cxd5 Qa5 16. Be2 Kf7 17. g4 Kg8 18. gxf5 Rxh7 19. Qg5 Ne5 20. Kb1 Rc8 21. Bxe5
dxe5 22. d6 Qb4+ 23. Ka1 Rc2 0-1

[Event "4th London Classic Open"]
[Site "London ENG"]
[Date "2012.12.06"]
[Round "6"]
[White "Harari,Z"]
[Black "Jeitz,O"]
[Result "0-1"]
[WhiteElo "2143"]
[BlackElo "1987"]
[WhiteFideId "2002639"]
[BlackFideId "4000560"]
[EventDate "2012.12.01"]

1. b3 d5 2. Bb2 c5 3. e3 Nc6 4. f4 a6 5. Nf3 Bg4 6. Be2 e6 7. h3 Bxf3 8. Bxf3
Nf6 9. O-O h5 10. d3 h4 11. Nd2 Qc7 12. Qe2 Be7 13. a3 Rg8 14. c4 O-O-O 15. cxd5
Nxd5 16. Rac1 Kb8 17. Kh1 f5 18. Bxd5 exd5 19. Nf3 Ka7 20. Qc2 Qd7 21. Qf2 Qe6
22. Rfe1 Qh6 23. b4 b6 24. bxc5 bxc5 25. Ng5 Rb8 26. e4 fxe4 27. Rxc5 Rxb2 28.
Rc2+ Rb6 29. dxe4 d4 30. Rec1 Rgb8 31. Nf7 Qf6 32. Ne5 Nxe5 33. Qxd4 Nc6 34. Qe3
Ka8 35. e5 Qe6 36. Qe4 Kb7 37. a4 a5 38. Rd1 Rd8 39. Rdc1 Qd5 40. Qg6 Ba3 0-1

[Event "4th London Classic Open"]
[Site "London ENG"]
[Date "2012.12.06"]
[Round "6"]
[White "Casiot,D"]
[Black "Josse,Mar"]
[Result "0-1"]
[WhiteElo "1991"]
[BlackElo "2142"]
[WhiteFideId "405973"]
[BlackFideId "414476"]
[EventDate "2012.12.01"]

1. e4 c5 2. Nf3 e6 3. c3 Nf6 4. Bd3 d5 5. e5 Nfd7 6. O-O Nc6 7. Re1 g5 8. h3 h5
9. Bb5 g4 10. Bxc6 bxc6 11. d4 gxf3 12. Qxf3 cxd4 13. cxd4 Qb6 14. Bg5 Qxd4 15.
Nc3 Be7 16. Bf4 Nf8 17. Rad1 Qb4 18. b3 Ng6 19. Bc1 Nh4 20. Qd3 a5 21. Na4 Ba6
22. Qc2 Rc8 23. a3 Qb5 24. Nc3 Qb7 25. Kh1 Nf5 26. Na4 Qb5 27. f4 Rg8 28. Nc3
Qc5 29. Qd2 Bh4 30. Rg1 Rg3 31. Ne4 dxe4 32. Qd7+ Kf8 0-1

[Event "4th London Classic Open"]
[Site "London ENG"]
[Date "2012.12.06"]
[Round "6"]
[White "White,A"]
[Black "Dror,L"]
[Result "1-0"]
[WhiteElo "2112"]
[BlackElo "1782"]
[WhiteFideId "2402041"]
[BlackFideId "2809583"]
[EventDate "2012.12.01"]

1. e4 c5 2. Nf3 d6 3. d4 cxd4 4. Nxd4 Nf6 5. Nc3 a6 6. h3 g6 7. g4 Bg7 8. Bg2
Qc7 9. O-O Nc6 10. Nde2 O-O 11. Be3 Bd7 12. Qd2 Rac8 13. g5 Nh5 14. Nd5 Qb8 15.
Nd4 Rfe8 16. Nb6 Rcd8 17. c3 e5 18. Nxd7 Rxd7 19. Ne2 Bf8 20. c4 Ng7 21. Nc3 Be7
22. Nd5 Bd8 23. h4 Ne6 24. Bh3 b5 25. cxb5 Qxb5 26. a4 Qc4 27. Rfc1 Qxe4 28.
Rxc6 Qxh4 29. Bg2 Nxg5 30. Rc8 Kf8 31. Rxd8 Ne4 32. Bh6+ 1-0

[Event "4th London Classic Open"]
[Site "London ENG"]
[Date "2012.12.06"]
[Round "6"]
[White "Steevensz,K"]
[Black "Baterdene,Tsogbayar"]
[Result "1/2-1/2"]
[WhiteElo "2096"]
[BlackElo "1673"]
[WhiteFideId "1009036"]
[BlackFideId "4901592"]
[EventDate "2012.12.01"]

1. d4 d5 2. Nf3 Nf6 3. e3 c6 4. c4 e6 5. b3 Ne4 6. Bd3 Bb4+ 7. Nbd2 Bc3 8. Rb1
Ba5 9. Qc2 f5 10. O-O O-O 11. Ne5 Nd7 12. f3 Nef6 13. Ba3 Re8 14. Bb2 Bb6 15.
Kh1 Nh5 16. c5 Bc7 17. g4 Nhf6 18. g5 Nxe5 19. dxe5 Nd7 20. f4 Nf8 21. Nf3 Rb8
22. Nd4 Ng6 23. Qe2 Bd7 24. b4 b6 25. b5 bxc5 26. bxc6 Bc8 27. Nb5 c4 28. Bxc4
dxc4 29. Rfd1 Qe7 30. Qxc4 Ba6 31. a4 Bxb5 32. axb5 Bb6 33. Bd4 Rbd8 34. Bxb6
axb6 35. c7 Rxd1+ 36. Rxd1 Rc8 37. Rd8+ Rxd8 38. cxd8=Q+ Qxd8 39. Qxe6+ Kh8 40.
Kg1 Qd1+ 41. Kf2 Qd2+ 42. Kf1 Qd1+ 1/2-1/2

[Event "4th London Classic Open"]
[Site "London ENG"]
[Date "2012.12.06"]
[Round "6"]
[White "Boger,R"]
[Black "Wheldon,P"]
[Result "0-1"]
[WhiteElo "1946"]
[BlackElo "2103"]
[WhiteFideId "1507419"]
[BlackFideId "407402"]
[EventDate "2012.12.01"]

1. Nf3 Nf6 2. d4 e6 3. g3 c5 4. Bg2 Nc6 5. O-O d5 6. Bf4 Qb6 7. dxc5 Bxc5 8. Nc3
Ng4 9. e3 Be7 10. Nd4 Nf6 11. Ndb5 O-O 12. Bc7 Qc5 13. Qe2 a6 14. Na3 b5 15.
Rad1 Na7 16. Be5 b4 17. Na4 Qa5 18. Nc4 Qxa4 19. Nb6 Qc6 20. Nxa8 Qxa8 21. c4
bxc3 22. bxc3 Nc6 23. Bf4 e5 24. Bg5 Bg4 25. h3 0-1

[Event "4th London Classic Open"]
[Site "London ENG"]
[Date "2012.12.06"]
[Round "6"]
[White "Vachtfeidl,P"]
[Black "Johansson,To"]
[Result "1-0"]
[WhiteElo "1945"]
[BlackElo "2100"]
[WhiteFideId "315028"]
[BlackFideId "1703269"]
[EventDate "2012.12.01"]

1. e4 c5 2. Nf3 d6 3. d4 cxd4 4. Nxd4 Nf6 5. Nc3 g6 6. Be3 Bg7 7. f3 Nc6 8. Qd2
O-O 9. O-O-O Nxd4 10. Bxd4 Be6 11. Kb1 Qc7 12. h4 Rfc8 13. h5 Qa5 14. hxg6 hxg6
15. a3 Rab8 16. Bd3 Bc4 17. Bxc4 Rxc4 18. Qf2 Rbc8 19. Rd3 b5 20. Qe1 e6 21. Qh4
e5 22. Be3 b4 23. Bg5 Nh5 24. Nd5 f6 25. Nxf6+ Bxf6 26. Bxf6 Rxc2 27. Qg5 Kf7
28. Rxh5 Rxb2+ 29. Ka1 Rxg2 30. Rh7+ Kg8 31. Qxg2 Rc1+ 32. Ka2 Kf8 33. Be7+ Ke8
34. Qxg6+ Kd7 35. Bd8+ 1-0

[Event "4th London Classic Open"]
[Site "London ENG"]
[Date "2012.12.06"]
[Round "6"]
[White "Phillips,O"]
[Black "Takahashi,R"]
[Result "1-0"]
[WhiteElo "1926"]
[BlackElo "2079"]
[WhiteFideId "417882"]
[BlackFideId "7000880"]
[EventDate "2012.12.01"]

1. Nc3 g6 2. e4 Bg7 3. Nf3 c5 4. d3 Nc6 5. g3 Nf6 6. Bg2 O-O 7. Be3 d6 8. h3 Bd7
9. Qd2 Re8 10. Bh6 Bh8 11. Ng5 Nd4 12. Nf3 Nxf3+ 13. Bxf3 Rb8 14. Qg5 b5 15. Kf1
b4 16. Ne2 Ba4 17. b3 Bc6 18. Re1 Qa5 19. h4 Nd7 20. h5 Qxa2 21. hxg6 hxg6 22.
Qh4 f5 23. Bg5 Bg7 24. Qh7+ Kf7 25. exf5 Bxf3 26. Qxg6+ Kg8 27. Rh7 Bxe2+ 28.
Kg2 1-0

[Event "4th London Classic Open"]
[Site "London ENG"]
[Date "2012.12.06"]
[Round "6"]
[White "Cannon,Ri"]
[Black "O'Molloy,Eamonn"]
[Result "1-0"]
[WhiteElo "2071"]
[BlackElo "1926"]
[WhiteFideId "408670"]
[BlackFideId "2505843"]
[EventDate "2012.12.01"]

1. e4 c6 2. Nc3 d5 3. Nf3 dxe4 4. Nxe4 Nf6 5. Nxf6+ exf6 6. Bc4 Bd6 7. h3 O-O 8.
O-O Nd7 9. d4 Nb6 10. Bb3 Re8 11. c4 Bc7 12. Qd3 Be6 13. Rd1 Qe7 14. Bc2 g6 15.
b3 Bf5 16. Qc3 Bxc2 17. Qxc2 Rad8 18. Bb2 Nd7 19. Qc3 Bf4 20. g3 Bh6 21. d5 c5
22. Re1 Qf8 23. Qa5 a6 24. Qc7 b5 25. Rxe8 Qxe8 26. Re1 Qf8 27. d6 Ne5 28. Nxe5
fxe5 29. Bxe5 f6 30. Bc3 b4 31. Ba1 Qxd6 32. Re8+ Rxe8 33. Qxd6 Re1+ 34. Kg2
Rxa1 35. Qd5+ Kg7 36. Qxc5 Rxa2 37. Qxb4 Kf7 38. Qb7+ Kg8 39. Qc8+ Kf7 40. Qd7+
Kg8 41. c5 1-0

[Event "4th London Classic Open"]
[Site "London ENG"]
[Date "2012.12.06"]
[Round "6"]
[White "Gregory,P"]
[Black "Matthew,Ian G"]
[Result "1/2-1/2"]
[WhiteElo "2071"]
[BlackElo "1948"]
[WhiteFideId "407852"]
[BlackFideId "423165"]
[EventDate "2012.12.01"]

1. e4 c5 2. c3 e6 3. d4 d5 4. exd5 Qxd5 5. Nf3 Nc6 6. Be3 cxd4 7. cxd4 Nf6 8.
Nc3 Bb4 9. Bd3 e5 10. dxe5 Bxc3+ 11. bxc3 Nxe5 12. Nxe5 Qxe5 13. Qa4+ Bd7 14.
Qd4 Qxd4 15. Bxd4 Nh5 16. O-O O-O 17. Be4 Bc6 18. Bxc6 bxc6 19. g3 f5 20. Rfe1
Rfe8 21. Rxe8+ Rxe8 22. Bxa7 Ra8 23. Bc5 Nf6 24. a4 Ne4 25. Bd4 c5 26. Be5 Re8
27. f4 Ra8 28. Kf1 Nd2+ 29. Ke2 Nb3 30. Ra3 c4 31. Kf2 Ra5 32. Bc7 Ra6 33. a5
Nc5 34. Ke3 Kf7 35. Bb6 Nd7 36. Bd4 Nf8 37. Ra4 Nd7 38. h4 g6 39. Rxc4 Rxa5 40.
Rc8 h5 41. Rc7 Ke6 42. Rc6+ Kf7 43. Rd6 Nf8 44. Be5 Ne6 45. Rd7+ Ke8 46. Rb7 Ra1
47. Rb8+ Kf7 48. Rb7+ Ke8 49. Rb8+ 1/2-1/2

[Event "4th London Classic Open"]
[Site "London ENG"]
[Date "2012.12.06"]
[Round "6"]
[White "Hoegener,C"]
[Black "Hajenius,W"]
[Result "1-0"]
[WhiteElo "2037"]
[BlackElo "1922"]
[WhiteFideId "4000978"]
[BlackFideId "201138"]
[EventDate "2012.12.01"]

1. d4 f5 2. Nf3 Nf6 3. Bg5 g6 4. Nbd2 Bg7 5. c3 O-O 6. Bxf6 Bxf6 7. e4 fxe4 8.
Nxe4 d5 9. Ng3 Nc6 10. Qc2 e5 11. dxe5 Nxe5 12. Nxe5 Bxe5 13. Bd3 Qg5 14. h4 Qh6
15. Ne2 Be6 16. g3 Rf3 17. Ng1 Rxg3 18. fxg3 Bxg3+ 19. Kd1 Bg4+ 20. Be2 Rf8 21.
Nh3 Bxh3 22. Rxh3 Qe3 23. Qd3 Qg1+ 24. Kc2 Qxa1 25. Qxd5+ Kg7 26. Rxg3 Qe1 27.
Qe5+ Kh6 28. h5 Rf5 29. Qe3+ g5 30. Qe6+ Kg7 31. h6+ 1-0

[Event "4th London Classic Open"]
[Site "London ENG"]
[Date "2012.12.06"]
[Round "6"]
[White "McKerracher,D"]
[Black "Veznik,Michael"]
[Result "1-0"]
[WhiteElo "2034"]
[BlackElo "1877"]
[WhiteFideId "2401002"]
[BlackFideId "360287"]
[EventDate "2012.12.01"]

1. e4 Nc6 2. Nf3 Nf6 3. e5 Ng4 4. d4 d6 5. h3 Nh6 6. exd6 Qxd6 7. Nc3 Bf5 8. Bb5
O-O-O 9. Be3 f6 10. Qe2 Nb4 11. Ba4 g5 12. a3 Nd5 13. Nxd5 Qxd5 14. Bb3 Qd7 15.
O-O-O Kb8 16. Kb1 e6 17. Qd2 Qb5 18. Qc3 Bd6 19. Nd2 Rhe8 20. f3 e5 21. d5 Bg6
22. a4 Qd7 23. Qa5 a6 24. Bc4 Nf5 25. Rhe1 Nd4 26. Ne4 Qe7 27. Qd2 h6 28. Bxd4
exd4 29. Nxd6 Qxd6 30. Qxd4 Rxe1 31. Rxe1 Qb4 32. Rd1 Qxa4 33. b3 Qb4 34. Qxf6
Rd6 35. Qh8+ Ka7 36. Kb2 b5 37. Qd4+ c5 38. Qg7+ Kb6 39. c3 Qa5 40. Qe7 bxc4 41.
Qxd6+ Ka7 42. Qxg6 cxb3 43. Qf7+ Kb8 44. Qe8+ Ka7 45. Ra1 Qb6 46. Qc6 Qxc6 47.
dxc6 c4 48. Ra4 1-0

[Event "4th London Classic Open"]
[Site "London ENG"]
[Date "2012.12.06"]
[Round "6"]
[White "Shepley,J"]
[Black "Kalerwa,Edwin M"]
[Result "1-0"]
[WhiteElo "2029"]
[BlackElo "1783"]
[WhiteFideId "403210"]
[BlackFideId "422223"]
[EventDate "2012.12.01"]

1. e4 b6 2. d4 e6 3. Bd3 Bb7 4. Qe2 Be7 5. Nf3 d6 6. c4 Nd7 7. Nc3 c5 8. O-O
cxd4 9. Nxd4 a6 10. f4 Bf6 11. Be3 Ne7 12. Rad1 Qc7 13. Nf3 g6 14. Qf2 O-O 15.
f5 Nc5 16. Bh6 Rfd8 17. fxe6 Nxe6 18. Nd5 Nxd5 19. cxd5 Nc5 20. Ng5 Bxg5 21.
Bxg5 Re8 22. Qf6 Ne6 23. Bh6 Qe7 24. dxe6 fxe6 25. Bc4 d5 26. Qxe7 Rxe7 27. exd5
exd5 28. Rxd5 1-0

[Event "4th London Classic Open"]
[Site "London ENG"]
[Date "2012.12.06"]
[Round "6"]
[White "Watson,Darrell A"]
[Black "Andreev,Pete"]
[Result "0-1"]
[WhiteElo "1758"]
[BlackElo "2017"]
[WhiteFideId "420476"]
[BlackFideId "406350"]
[EventDate "2012.12.01"]

1. e4 c5 2. Nc3 Nc6 3. f4 g6 4. Nf3 Bg7 5. Bb5 Nd4 6. O-O Nxb5 7. Nxb5 d6 8. Nc3
e6 9. Qe1 Ne7 10. d3 Nc6 11. f5 O-O 12. Bg5 f6 13. Bd2 exf5 14. exf5 Bxf5 15.
Qg3 Ne5 16. Nh4 Be6 17. Rae1 d5 18. Kh1 Qd7 19. Nf3 Rae8 20. Ne2 Nxf3 21. Rxf3
Bg4 22. Rf2 f5 23. Bc3 Bxc3 24. bxc3 f4 25. Qh4 f3 26. gxf3 Rxf3 27. Kg1 Rxf2
28. Qxf2 Bxe2 29. Rxe2 Qg4+ 30. Kf1 Rf8 31. Re8 Rxe8 32. Qxc5 Qe2+ 33. Kg1 Qe1+
34. Kg2 Re2+ 35. Kh3 Qf1+ 36. Kg4 Rg2+ 0-1

[Event "4th London Classic Open"]
[Site "London ENG"]
[Date "2012.12.06"]
[Round "6"]
[White "Carlile,Orison"]
[Black "Haddock,Paul"]
[Result "1-0"]
[WhiteElo "2016"]
[BlackElo "1665"]
[WhiteFideId "2504120"]
[BlackFideId "419150"]
[EventDate "2012.12.01"]

1. e4 e6 2. d4 d5 3. Nc3 Bb4 4. e5 c5 5. Bd2 cxd4 6. Nb5 Be7 7. Qg4 Kf8 8. Nxd4
Nc6 9. Ngf3 Nxd4 10. Nxd4 h5 11. Qh3 Qb6 12. Bc3 Bd7 13. Be2 Rc8 14. a3 g6 15.
Rd1 Kg7 16. Rd3 Nh6 17. O-O Rcg8 18. Re1 Kf8 19. Bf3 Bb5 20. Nxb5 Qxb5 21. Bd4
b6 22. Be2 Qd7 23. Rb3 Nf5 24. Bb5 Qb7 25. c3 g5 26. Qd3 a5 27. Ba6 Qc6 28. Rxb6
Qd7 29. Qb5 Qxb5 30. Rxb5 Nxd4 31. cxd4 Kg7 32. Rxa5 Ra8 33. Rc1 Rhb8 34. Rb5
Rxb5 35. Bxb5 Bxa3 36. bxa3 Rxa3 37. Kf1 Rb3 38. Be2 h4 39. h3 Kg6 40. Ke1 f6
41. Rc6 fxe5 42. Rxe6+ 1-0

[Event "4th London Classic Open"]
[Site "London ENG"]
[Date "2012.12.06"]
[Round "6"]
[White "Bratteteig,Tore-Inge"]
[Black "Walinga,E"]
[Result "0-1"]
[WhiteElo "1684"]
[BlackElo "2004"]
[WhiteFideId "1510711"]
[BlackFideId "1011898"]
[EventDate "2012.12.01"]

1. d4 Nf6 2. c4 g6 3. Nf3 Bg7 4. g3 O-O 5. Bg2 d6 6. O-O Nc6 7. Nc3 a6 8. e4 Bg4
9. h3 Bxf3 10. Bxf3 Nd7 11. Be3 e5 12. d5 Nd4 13. Bg2 c5 14. dxc6 bxc6 15. f4
Rb8 16. Rb1 Qa5 17. Qd2 Qb4 18. b3 Nc5 19. Rbd1 Qxc3 20. Qxc3 Ne2+ 21. Kh2 Nxc3
22. Rxd6 N3xe4 23. Rxc6 Rfc8 24. Rxc8+ Rxc8 25. f5 gxf5 26. Rxf5 a5 27. Rf1 Bf8
28. a3 Nc3 29. Rc1 Ne2 30. Rf1 Nd4 31. Bd5 Nce6 32. b4 axb4 33. axb4 Bxb4 34. h4
Kg7 35. Kh3 Rc7 36. g4 Ra7 37. Kg2 Ra2+ 38. Kh1 Re2 39. Bc1 Re1 40. Kg2 Re2+ 41.
Kh1 Bd2 42. Ba3 Nf4 43. Bd6 Nxd5 44. cxd5 Be1 45. Be7 e4 46. Bf6+ Kf8 47. Bxd4
Bxh4 48. Rf5 Bg3 49. Be5 Bf2 50. Bc7 Rd2 51. d6 Bg3 52. Rh5 e3 53. Rxh7 Kg8 54.
Rh5 e2 0-1

[Event "4th London Classic Open"]
[Site "London ENG"]
[Date "2012.12.06"]
[Round "6"]
[White "Dale,Finley"]
[Black "Pleininger,R"]
[Result "1/2-1/2"]
[WhiteElo "1691"]
[BlackElo "1997"]
[WhiteFideId "3213153"]
[BlackFideId "1305999"]
[EventDate "2012.12.01"]

1. c4 c5 2. Nc3 Nc6 3. Nf3 e5 4. g3 g6 5. Bg2 Bg7 6. d3 Nge7 7. Nd2 d6 8. Nf1
O-O 9. Ne3 Rb8 10. O-O Be6 11. Ned5 a6 12. a4 b6 13. f4 Qd7 14. fxe5 dxe5 15.
Bg5 f5 16. Qd2 Kh8 17. Bh6 Nd4 18. Bxg7+ Kxg7 19. Rab1 Bxd5 20. Nxd5 Nxd5 21.
Bxd5 Qxa4 22. Ra1 Qc2 23. Qxc2 Nxc2 24. Rxa6 Ne3 25. Ra7+ Kh6 26. Rfa1 f4 27.
Re7 Rbe8 28. Rb7 fxg3 29. hxg3 Rf6 30. Bf3 Nf5 31. Kg2 Nd4 32. Rh1+ Kg5 33.
Rhxh7 Nxf3 34. exf3 Rd8 35. Rbd7 Rd6 36. Rde7 Rxd3 37. Rxe5+ Kf6 38. Re2 Rb3 39.
Rh4 Rd7 1/2-1/2

[Event "4th London Classic Open"]
[Site "London ENG"]
[Date "2012.12.06"]
[Round "6"]
[White "Gibson,Ch"]
[Black "Kouchak,J"]
[Result "1-0"]
[WhiteElo "1975"]
[BlackElo "1703"]
[WhiteFideId "414697"]
[BlackFideId "26011379"]
[EventDate "2012.12.01"]

1. d4 d5 2. c4 c6 3. Nf3 Nf6 4. Nc3 Bf5 5. Nh4 Bg6 6. Nxg6 hxg6 7. e3 e6 8. Bd2
Bd6 9. h3 Nbd7 10. cxd5 exd5 11. a3 Qe7 12. Qc2 g5 13. Bd3 g4 14. O-O-O O-O-O
15. hxg4 Kb8 16. f3 b5 17. Kb1 Nb6 18. Na2 Rc8 19. Rxh8 Rxh8 20. Qxc6 Qd7 21.
Qxd7 Nfxd7 22. Bxb5 Rh2 23. Nb4 Rxg2 24. Nxd5 Nxd5 25. Bxd7 Kc7 26. Ba4 Kd8 27.
e4 Nb6 28. Bb3 f6 29. e5 Be7 30. e6 g5 31. d5 Kc7 32. Rc1+ Kb7 33. Bc3 Rf2 34.
Rh1 Rxf3 35. Rh7 Nc8 36. d6 Nxd6 37. Bd5+ 1-0